000
00319 a2200109 4500
001
ART_55209
005
20260410161609.0
008
260409a
245
1
0
_a
Resolución técnica 37.
100
1
_a
Mantovan, Flavio A.
773
0
_t
Profesional & Empresaria
_g
- Año XXIII, Nº 269 (feb. 2022)
_w
REV70
999
_c
10471
_d
10471